| 000 | 00413nam a22001457a 4500 | ||
|---|---|---|---|
| 082 |
_aP-395 _bP-395 |
||
| 100 |
_aHamza Saeed Virk, Syndicate # 20 _948154 |
||
| 245 |
_aDesign and development of beam and wall testing facility _cHamza Saeed Virk, Sajjad Ahmad |
||
| 260 | _c2008 | ||
| 300 | _a44 P, ; | ||
| 526 |
_a0 _b0 _c0 _dP_395_P395 |
||
| 650 | _aProject | ||
| 700 |
_aMuhammad Iqbal _94316 |
||
| 942 |
_2ddc _cBK |
||
| 999 |
_c551175 _d551175 |
||